Mobile device as a music generator

Salvato in:
Dettagli Bibliografici
Autore principale: Hirjak, Tibor, 1991- (Autore)
Altri autori: Kovárová, Alena, 1981- (Relatore della tesi)
Natura: Manoscritto Libro
Lingua:inglese
Pubblicazione: Bratislava : STU v Bratislave FIIT, 2012
Soggetti:
Accesso online:VAIS
Tags: Aggiungi Tag
Nessun Tag, puoi essere il primo ad aggiungerne!!

MARC

LEADER 00000ntm a22000003a 4500
001 stu275717
005 20180709170953.4
008 131005s2012----xo------------------eng-d
040 |a STU  |b slo 
041 0 |a eng 
044 |a xo 
100 1 |a Hirjak, Tibor,  |d 1991-  |4 aut  |u I100  |U FIIT Fakulta informatiky a informačných technológií  |T FIIT Ústav počítačových systémov a sietí  |X 64346  |U I100  |Y 178  |7 A000064346 
242 0 0 |a Mobilné zariadenie ako generátor hudby  |y slo 
245 1 |a Mobile device as a music generator 
260 |a Bratislava :  |b STU v Bratislave FIIT,  |c 2012 
300 |a 25 s., prílohy  |e CD-rom 
650 7 |a Informatics  |2 estusub 
650 7 |a informatika  |2 stusub 
700 1 |a Kovárová, Alena,  |d 1981-  |4 ths  |u I300  |U FIIT Fakulta informatiky a informačných technológií  |T FIIT Ústav aplikovanej informatiky  |X 38836  |U I300  |Y 180  |7 38836 
856 4 |a info a plný text  |u http://is.stuba.sk/zp/portal_zp.pl?podrobnosti=65177  |3 VAIS 
996 |c I*BAP139/12  |l II680  |s P  |a 0  |w stu275717_0001